MARC

LEADER 00000nam0a2200000 4500
001 303067
005 20231102001551.0
035 |a (RuTPU)RU\TPU\book\328286 
090 |a 303067 
100 |a 20150831d1960 k y0rusy50 ca 
101 0 |a rus 
102 |a RU 
105 |a a z 000zy 
200 1 |a Особенности распространения метровых радиоволн  |f Ю. И. Давыденко, Н. Т. Нечаев 
210 |a Москва  |c Воениздат  |d 1960 
215 |a 171 с.  |c ил. 
606 1 |a Радиоволны метровые  |x Распространение  |2 stltpush  |3 (RuTPU)RU\TPU\subj\22615  |9 47343 
610 1 |a электромагнитная энергия 
610 1 |a передачи 
610 1 |a антенны 
610 1 |a горная местность 
610 1 |a леса 
610 1 |a рефракция 
610 1 |a устойчивость 
610 1 |a движущиеся объекты 
675 |a 621.371.029.6  |v 3 
700 1 |a Давыденко  |b Ю. И. 
701 1 |a Нечаев  |b Н. Т. 
801 1 |a RU  |b 63413507  |c 20150831 
801 2 |a RU  |b 63413507  |c 20170629  |g RCR 
942 |c BK